000 00555nam a2200193Ia 4500
005 20250423095003.0
008 250422s9999 xx 000 0 und d
020 _a978129025766
050 _aQA 76.73 .J38 .W45/
100 _aWeiss, Mark Allen
245 0 _aData structures & problem solving using Java
250 _a4th ed.
260 _aUnited States
260 _bPearson
260 _c2014
300 _a944 p
650 _aJava (Computer program language) Data structures (Computer science) Problem solving--Data processing.
942 _cBK
999 _c28896
_d28896